000 00623nam a2200229Ia 4500
003 OSt
005 20220918191146.0
006 a|||||r|||| 00| 0
007 ta
008 220917b |||||||| |||| 00| 0 eng d
024 _a61,767
037 _cTextual
040 _aARTS
_cARTS
_beng
041 _2eng
_aeng
082 _aQ42.22xF73, 122H6
100 _aAvalokitasimha
_975116
245 0 _aDharma samuccaya
_b Compendium de la Loi ed and tr by Lin Li Kouang Chap
260 _c1946
650 _aRELIGION
942 _hQ42.22xF73, 122H6
_cTEXL
_2CC
999 _c188542
_d188542